Statistiques concernant Thé ou Café?

Cliquez ici pour prendre le quiz!

Statistiques générales

  • Ce quiz a été pris 291 fois
  • Le résultat moyen est 10 sur 15

Statistiques - réponses

QuestionRéponse% Correct
Earl GreyThé
98%
MokaCafé
95%
DarjeelingThé
95%
OolongThé
86%
Lapsang SouchongThé
84%
PacamaraCafé
83%
JavaCafé
71%
SenchaThé
68%
BourbonCafé
65%
AssamThé
61%
CatuaiCafé
56%
YirgacheffeCafé
47%
KeemumThé
45%
GunpowderThé
42%
Blue MountainCafé
32%

Distribution des résultats

Percentile par nombre de réponses

% des personnes avec chaque résultat

Votre développement - résultats

Vous n’avez pas pris ce quiz